Brother against brother : (Record no. 5159)
[ view plain ]
| 000 -LEADER | |
|---|---|
| fixed length control field | 01159cam a2200361Ia 4500 |
| 001 - CONTROL NUMBER | |
| control field | 16388873 |
| 003 - CONTROL NUMBER IDENTIFIER | |
| control field | OCoLC |
| 005 - DATE AND TIME OF LATEST TRANSACTION | |
| control field | 20181221144411.0 |
| 008 - FIXED-LENGTH DATA ELEMENTS--GENERAL INFORMATION | |
| fixed length control field | 870804t19871983vauab b 001 0 eng d |
| 010 ## - LIBRARY OF CONGRESS CONTROL NUMBER | |
| LC control number | 82017014 |
| 020 ## - INTERNATIONAL STANDARD BOOK NUMBER | |
| International Standard Book Number | 0809447010 (lib. bdg.) |
| 020 ## - INTERNATIONAL STANDARD BOOK NUMBER | |
| International Standard Book Number | 9780809447015 (lib. bdg.) |
| 020 ## - INTERNATIONAL STANDARD BOOK NUMBER | |
| International Standard Book Number | 0809447002 |
| 020 ## - INTERNATIONAL STANDARD BOOK NUMBER | |
| International Standard Book Number | 9780809447008 |
| 020 ## - INTERNATIONAL STANDARD BOOK NUMBER | |
| International Standard Book Number | 0809447029 |
| 020 ## - INTERNATIONAL STANDARD BOOK NUMBER | |
| International Standard Book Number | 9780809447022 |
| 035 ## - SYSTEM CONTROL NUMBER | |
| System control number | (OCoLC)16388873 |
| Canceled/invalid control number | (OCoLC)36420882 |
| 040 ## - CATALOGING SOURCE | |
| Original cataloging agency | WIR |
| Language of cataloging | eng |
| Transcribing agency | WIR |
| Modifying agency | WIP |
| -- | JBW |
| -- | OCLCG |
| -- | DEBSZ |
| -- | OCLCQ |
| -- | MJO |
| 043 ## - GEOGRAPHIC AREA CODE | |
| Geographic area code | n-us--- |
| 050 #4 - LIBRARY OF CONGRESS CALL NUMBER | |
| Classification number | E459 |
| Item number | .D265 1987 |
| 082 ## - DEWEY DECIMAL CLASSIFICATION NUMBER | |
| Classification number | 973.7 |
| Item number | C837C |
| 100 1# - MAIN ENTRY--PERSONAL NAME | |
| Personal name | Davis, William C., |
| Dates associated with a name | 1946- |
| 245 10 - TITLE STATEMENT | |
| Title | Brother against brother : |
| Remainder of title | the war begins / |
| Statement of responsibility, etc. | by William C. Davis and the editors of Time-Life Books. |
| 250 ## - EDITION STATEMENT | |
| Edition statement | Rev. |
| 260 ## - PUBLICATION, DISTRIBUTION, ETC. | |
| Place of publication, distribution, etc. | Alexandria, Va. : |
| Name of publisher, distributor, etc. | Time-Life Books, |
| Date of publication, distribution, etc. | 1987, c1983. |
| 300 ## - PHYSICAL DESCRIPTION | |
| Extent | 176 p. : |
| Other physical details | ill. (some col.), map ; |
| Dimensions | 28 cm. |
| 490 1# - SERIES STATEMENT | |
| Series statement | The Civil War |
| 504 ## - BIBLIOGRAPHY, ETC. NOTE | |
| Bibliography, etc. note | Includes bibliographical references (p. 172-173) and index. |
| 651 #0 - SUBJECT ADDED ENTRY--GEOGRAPHIC NAME | |
| Geographic name | United States |
| General subdivision | History |
| Chronological subdivision | Civil War, 1861-1865 |
| General subdivision | Causes. |
| 710 2# - ADDED ENTRY--CORPORATE NAME | |
| Corporate name or jurisdiction name as entry element | Time-Life Books. |
| 830 #0 - SERIES ADDED ENTRY--UNIFORM TITLE | |
| Uniform title | Civil War. |
| 942 ## - ADDED ENTRY ELEMENTS (KOHA) | |
| Source of classification or shelving scheme | Dewey Decimal Classification |
| Koha item type | Books |
No items available.
